Pensions And Informal Sector In India (Record no. 41723)

MARC details
000 -LEADER
fixed length control field 00309nam a2200121Ia 4500
008 - FIXED-LENGTH DATA ELEMENTS--GENERAL INFORMATION
fixed length control field 241015s9999 xx 000 0 und d
041 ## - LANGUAGE CODE
Language code of text/sound track or separate title eng
082 ## - DEWEY DECIMAL CLASSIFICATION NUMBER
Classification number 331.25 GHO
100 ## - MAIN ENTRY--PERSONAL NAME
Personal name Ghosh Amlan
245 ## - TITLE STATEMENT
Title Pensions And Informal Sector In India
260 ## - PUBLICATION, DISTRIBUTION, ETC.
Name of publisher, distributor, etc. Springer
Place of publication, distribution, etc. New York
Date of publication, distribution, etc. 2022
300 ## - PHYSICAL DESCRIPTION
Extent 167;. P. 21 cm

No items available.

Designed & Maintained by: LRC IMT Nagpur Contact: lrc@imtnag.ac.in© 2024. All Rights Reserved.